Statystyki dla Dzielnice Miasta Lublin

Kliknij tutaj aby rozwiązać quiz!

Ogólne statystyki

  • Ten quiz został rozwiązany 152 razy
  • Średni wynik to 15 z 27

Statystyki odpowiedzi

Powierzchnia (km2)Dzielnica% Poprawnych
3.77Śródmieście
78%
2.51Bronowice
77%
6.99Felin
74%
0.94Stare Miasto
72%
13.39Abramowice
70%
2.3Czuby Północne
70%
5.9Czechów Północny
69%
3.35Czechów Południowy
69%
1.94Czuby Południowe
69%
2.75Kalinowszczyzna
68%
3.03Tatary
68%
8.29Sławin
63%
25.65Zemborzyce
63%
1.8Sławinek
62%
6.61Dziesiąta
56%
3.61Rury
52%
4.49Wrotków
51%
2.39Węglin Północny
49%
5.1Węglin Południowy
49%
5.7Głusk
46%
2.2Wieniawa
46%
11.54Ponikwoda
44%
2.43Za Cukrownią
42%
6.44Kośminek
35%
2.15Konstantynów
33%
9.00Hajdów-Zadębie
31%
3.17Szerokie
30%

Rozkład punktacji

Percentyl według liczby udzielonych odpowiedzi

Procent ludzi z każdym wynikiem

Twoja historia wyników

Nie rozwiązałeś tego quizu